000 00375nam a2200145Ia 4500
008 230917s9999||||xx |||||||||||||| ||und||
040 _e98961
_aMAIN
041 _aEnglish
082 _a352.054 S93P
100 _aSivanna, N
245 0 _aPanchayati raj reforms and rural development
260 _aAllahabad
_bChugh Publications
_c1990
300 _axi, 308 p.
942 _cBK
999 _c68014
_d68014